| 000 | 00351nam a2200145 a 4500 | ||
|---|---|---|---|
| 001 | 3685 | ||
| 003 | CDMR | ||
| 005 | 20130116135247.0 | ||
| 008 | 130130s2001||||||||||||||||||||||||||||d | ||
| 040 |
_aCDMR _bcat _cCPC GIRONA |
||
| 100 | 1 |
_aSala, Jordi _92624 |
|
| 245 | 1 | 3 |
_aUn somni d'abril _cSala, Jordi |
| 260 |
_c2001 _bUniversitat de Girona |
||
| 942 | _cMON | ||
| 999 |
_c3685 _d3685 |
||